| 000 | 03426cam a22006854i 4500 | ||
|---|---|---|---|
| 003 | PE-LiUPU | ||
| 005 | 20250731170423.0 | ||
| 008 | 180625s2015 sp a rb 000 0 spa d | ||
| 020 |
_a9788436833331 _q(Obra completa) |
||
| 020 |
_a9788436833348 _q(Manual) |
||
| 020 |
_a9788436833355 _q(Ejercicios) |
||
| 035 | _a(Sirsi) a249035 | ||
| 040 |
_aPE-LiUPU _bspa _cPE-LiUPU _erda |
||
| 049 | _aPRUA | ||
| 082 | 0 | 4 |
_a155.4 _bF41 _220 |
| 100 | 1 |
_aFernández Molina, Milagros, _eautor. |
|
| 245 | 1 | 0 |
_aBienestar psicológico infantil : _bdetección, prevención y optimización en la escuela infantil. Manual / _cMilagros Fernández Molina. |
| 264 | 1 |
_aMadrid : _bPirámide, _c2015. |
|
| 300 |
_a212 páginas : _bilustraciones ; _c25 centímetros. |
||
| 300 | _aManual | ||
| 336 |
_atext _2rdacontent |
||
| 337 |
_aunmediated _2rdamedia |
||
| 338 |
_avolume _2rdacarrier |
||
| 490 | 0 | _aPsicología. Pedagogía y didáctica | |
| 504 | _aBibliografía : páginas 201-212. | ||
| 505 |
_aManual, _tBienestar psicológico infantil. _aConcepto de bienestar infantil y factores implicados -- Infancia, necesidades y bienestar. necesidades de la infancia y concepto de bienestar psicológico en la escuela infantil -- Protección y riesgo para el bienestar infantil. factores y situaciones implicados en el bienestar psicológico infantil -- Competencias profesionales y bienestar. el papel de la maestra en la escuela: detección de carencias y prevención y promoción de bienestar de los niños y de la maestra -- Necesidades de la infancia y consecución del bienestar -- Necesidades y dificultades psicológicas relacionadas con la alimentación, el control de esfínteres y el sueño infantil. detección, prevención y promoción. papel de la escuela y de la familia -- Necesidades cognitivas y de estimulación intelectual. identificación y detección de carencia en el aula de infantil -- Intervención para la promoción del desarrollo y las necesidades de tipo cognitivo y lingüístico del alumnado de 0 a 6 años en el contexto familiar y escolar -- Necesidades socioafectivas y emocionales en el aula de infantil. identificación y detección de carencias -- Intervención para la promoción del desarrollo socioafectivo y emocional de los niños y niñas de 0 a 6 años en el contexto familiar y escolar. |
||
| 526 | _aSEG68 | ||
| 526 | _aSEG70 | ||
| 526 | _aSEG69 | ||
| 526 | _aSEG67 | ||
| 526 | _aSEG43 | ||
| 526 | _aP144 | ||
| 526 | _aP143 | ||
| 526 | _aP131 | ||
| 526 | _aP122 | ||
| 526 | _aP120 | ||
| 526 | _aP117 | ||
| 526 | _aP112 | ||
| 526 | _aP110 | ||
| 526 | _aP106 | ||
| 526 | _aP101 | ||
| 526 | _aP80 | ||
| 526 | _aP59 | ||
| 526 | _aP54 | ||
| 526 | _aP35 | ||
| 526 | _aP33 | ||
| 526 | _aP30 | ||
| 541 | _gF002-00000083; | ||
| 650 | 0 | 4 | _aPsicología infantil. |
| 650 | 0 | 4 | _aEducación, preescolar. |
| 650 | 0 | 4 | _aPsicología Educacional. |
| 650 | 0 | 4 | _aChild psychology. |
| 650 | 0 | 4 | _aEducation, Preschool. |
| 650 | 0 | 4 | _aEducational psychology. |
| 910 |
_adbm _bjpc _cjpc _d20180625 |
||
| 942 |
_2ddc _cBOOK |
||
| 994 |
_aC0 _bPEPRU |
||
| 596 | _a1 | ||
| 999 |
_a155.4 F41 _wDEWEY _c28633 _i78790 _d28633 _e2019-10-18 _f2021-11-3 _g6 _j2 _lCCODEBUL1 _mBUL _n6 _p34.00 _q7 _r0 _sY _tBOOK _u2018-6-25 _xSALUD _zP33 _0COMPRA _1FCOMPRA _o.STAFF. Colección Ciencias de la Salud |
||
| 980 |
_81 _gALBERTO SANCHEZ Responsable de Automatización |
||